[Event "TGT"]
[Site "?"]
[Date "1998.??.??"]
[Round "?"]
[White "Yoos, Jack"]
[Black "Oortwijn, Ron"]
[Result "0-1"]
[WhiteElo "2345"]
[BlackElo "2400"]
[PlyCount "36"]
[EventDate "1998.??.??"]
[Source "www.chesslib.no"]
[SourceDate "2004.05.04"]

1. e4 e5 2. f4 exf4 3. Nf3 g5 4. Bc4 g4 5. O-O gxf3 6. Qxf3 Qf6 7. d3 Nc6 8. Bxf4 Bc5+ 9. Kh1 Nge7 10. Nc3 d6 11. Nb5 Kd8 12. Qg3 Qg6 13. Bg5 Be6 14. Rf6 Qg7 15. Bxe6 fxe6 16. d4 Nxd4 17. Nxd4 Bxd4 18. Rxe6 Rg8 0-1

[Event "TGT 1.3"]
[Site "match # 10"]
[Date "1998.08.09"]
[Round "?"]
[White "Oortwjin, Ron"]
[Black "Yoos, Jack"]
[Result "0-1"]
[WhiteElo "2400"]
[BlackElo "2345"]
[PlyCount "22"]
[EventDate "1998.08.09"]
[Source "www.chesslib.no"]
[SourceDate "2004.05.04"]

1. e4 e5 2. f4 exf4 3. Nf3 g5 4. Bc4 g4 5. O-O gxf3 6. Qxf3 Qf6 7. d3 Nc6 8. Bxf4 d6 9. Nc3 Be6 10. Nd5 Qd8 11. Bg5 Qxg5 0-1

[Event "EU Ch U18"]
[Site "Hania"]
[Date "1994.??.??"]
[Round "9"]
[White "Kulaots, Kaido"]
[Black "Dervishi, Erald"]
[Result "1-0"]
[WhiteElo "2415"]
[BlackElo "2315"]
[PlyCount "141"]
[EventDate "1994.??.??"]
[Source "www.chesslib.no"]
[SourceDate "2004.05.04"]

1. e4 e5 2. f4 exf4 3. Nf3 g5 4. Bc4 Nf6 5. Nc3 d5 6. exd5 Bd6 7. Qe2+ Qe7 8. Nxg5 Qxe2+ 9. Bxe2 Rg8 10. Nge4 Nxe4 11. Nxe4 Rxg2 12. Bf3 Rg6 13. d4 c6 14. dxc6 Nxc6 15. Nxd6+ Rxd6 16. c3 Rf6 17. Bd2 Bd7 18. Kf2 O-O-O 19. Rae1 Be6 20. b3 Ne7 21. c4 Nf5 22. d5 Bd7 23. Re4 Ra6 24. a4 Nh4 25. Rxf4 Nxf3 26. Rxf3 f5 27. Re1 Rg6 28. Re7 Rh8 29. Bc3 Rhg8 30. Rg3 f4 31. Rxg6 hxg6 32. h4 g5 33. hxg5 Rxg5 34. Be5 Rf5 35. Kf3 Kd8 36. Bd6 Rf6 37. Bc5 b6 38. Ba3 Rh6 39. Kxf4 Rh4+ 40. Ke5 Rh3 41. Rg7 Rh5+ 42. Kd4 Rh4+ 43. Kc3 Rh3+ 44. Kb2 Kc7 45. Be7 Rh8 46. Bg5 Kc8 47. Bf4 Rf8 48. Bd6 Rf2+ 49. Ka3 Re2 50. Bb8 Kxb8 51. Rxd7 a5 52. Rh7 Rd2 53. Rh3 Rc2 54. Rd3 Kc7 55. d6+ Kd7 56. Rd5 Rh2 57. c5 bxc5 58. Rxc5 Kxd6 59. Rxa5 Kc6 60. Ra6+ Kb7 61. Rg6 Rh4 62. a5 Ka7 63. b4 Kb7 64. Ka4 Rh7 65. a6+ Ka7 66. Ka5 Ka8 67. b5 Rh5 68. Kb6 Rh8 69. Kc5 Rh5+ 70. Kc6 Rh1 71. Rg8+ 1-0

[Event "US Open"]
[Site "Chicago, IL USA"]
[Date "1989.??.??"]
[Round "7"]
[White "Friedman, Edward"]
[Black "Shipman, Walter"]
[Result "0-1"]
[WhiteElo "2345"]
[BlackElo "2330"]
[PlyCount "70"]
[EventDate "1989.08.??"]
[Source "www.chesslib.no"]
[SourceDate "2004.05.04"]

1. e4 e5 2. f4 exf4 3. Nf3 g5 4. Bc4 g4 5. O-O Qe7 6. d4 gxf3 7. Qxf3 Nc6 8. Nc3 Nxd4 9. Qd3 Ne6 10. Bxf4 Bg7 11. Nd5 Nxf4 12. Rxf4 Qe5 13. c3 Nh6 14. Raf1 O-O 15. Kh1 d6 16. Nf6+ Kh8 17. Qf3 Be6 18. Bd3 Bxf6 19. Rxf6 Ng4 20. Rf4 Qg7 21. Bb1 Ne5 22. Qh5 Rg8 23. R1f2 Bg4 24. Qh4 Qg5 25. Qg3 Be6 26. Qe3 Ng4 27. Qd4+ Qe5 28. R2f3 c5 29. Qd2 Rg6 30. h3 Nf6 31. g4 Rag8 32. Qf2 Nxg4 33. hxg4 Rxg4 34. Rxg4 Rxg4 35. Qf1 Rh4+ 0-1

[Event "It (cat.3)"]
[Site "Volodarskij (Russia)"]
[Date "2007.06.27"]
[Round "1"]
[White "Kuznetsov Sergey (RUS)"]
[Black "Korjakin Boris (RUS)"]
[Result "1-0"]
[WhiteElo "2396"]
[BlackElo "2274"]
[PlyCount "33"]
[EventDate "2007.??.??"]
[Source "www.chesslib.no"]
[SourceDate "2004.05.04"]

1. e4 e5 2. f4 exf4 3. Nf3 g5 4. Bc4 g4 5. O-O gxf3 6. Qxf3 Qf6 7. e5 Qxe5 8. Bxf7+ Kxf7 9. d4 Qxd4+ 10. Be3 Qf6 11. Nc3 fxe3 12. Qh5+ Kg7 13. Rxf6 Nxf6 14. Qg5+ Kf7 15. Rf1 Bg7 16. Nd5 e2 17. Rxf6+ 1-0

[Event "Corr"]
[Site "?"]
[Date "2002.02.25"]
[Round "?"]
[White "Derouineau Jacques"]
[Black "Marcotulli Giancarlo"]
[Result "1/2-1/2"]
[WhiteElo "2353"]
[BlackElo "2310"]
[PlyCount "78"]
[EventDate "2002.??.??"]
[Source "www.chesslib.no"]
[SourceDate "2004.05.04"]

1. e4 e5 2. f4 exf4 3. Nf3 g5 4. Bc4 g4 5. O-O gxf3 6. Qxf3 Qe7 7. d4 Nc6 8. Nc3 Nxd4 9. Qd3 Bg7 10. Bxf4 Ne6 11. Bxe6 dxe6 12. Qg3 Bf8 13. Rae1 Nf6 14. Bg5 Nh5 15. Qh4 Qc5+ 16. Rf2 h6 17. Qxh5 Qxg5 18. Qxf7+ Kd8 19. Rd1+ Bd6 20. Nb5 Qxb5 21. Qf6+ Kd7 22. Qxh8 Qh5 23. Rxd6+ cxd6 24. Qg7+ Kc6 25. Rf3 a5 26. Rc3+ Kb6 27. Qf8 Qd1+ 28. Kf2 Qd2+ 29. Kf3 e5 30. Rxc8 Rxc8 31. Qxc8 Qf4+ 32. Ke2 Qxe4+ 33. Kf1 Qb4 34. Qd8+ Ka7 35. Qc7 Qf4+ 36. Ke2 Qe4+ 37. Kf1 Qd5 38. b3 Qd1+ 39. Kf2 Qd2+ 1/2-1/2

[Event "TGT 1.3"]
[Site "match # 5"]
[Date "1998.08.09"]
[Round "?"]
[White "Stock, Thomas"]
[Black "Oortwijn, Ron"]
[Result "1-0"]
[WhiteElo "2253"]
[BlackElo "2400"]
[PlyCount "35"]
[EventDate "1998.08.09"]
[Source "www.chesslib.no"]
[SourceDate "2004.05.04"]

1. e4 e5 2. f4 exf4 3. Nf3 g5 4. Bc4 g4 5. O-O gxf3 6. Qxf3 Qf6 7. d3 Nc6 8. Bxf4 Bc5+ 9. Kh1 Nge7 10. Nc3 d6 11. Qh5 Ne5 12. Nb5 Kd7 13. d4 Nxc4 14. dxc5 Qg6 15. Qe2 Rg8 16. Bg3 Qe6 17. Nd4 Qh6 18. Rxf7 1-0

[Event "TGT"]
[Site "?"]
[Date "1998.??.??"]
[Round "?"]
[White "Oortwijn, Ron"]
[Black "Stock, Thomas"]
[Result "1-0"]
[WhiteElo "2400"]
[BlackElo "2250"]
[PlyCount "53"]
[EventDate "1998.??.??"]
[Source "www.chesslib.no"]
[SourceDate "2004.05.04"]

1. e4 e5 2. f4 exf4 3. Nf3 g5 4. Bc4 g4 5. O-O d5 6. exd5 gxf3 7. Qxf3 Bd6 8. d3 Ne7 9. Bxf4 Bxf4 10. Qxf4 O-O 11. Nc3 Ng6 12. Qh6 Nd7 13. d6 Nde5 14. Ne4 Qh4 15. Qxh4 Nxh4 16. dxc7 Nxc4 17. dxc4 Nf5 18. c5 Nd4 19. Nd6 Ne6 20. Rae1 Nxc7 21. Re7 Nd5 22. Rexf7 Rxf7 23. Rxf7 b5 24. c6 a6 25. a4 Be6 26. Rb7 Rd8 27. axb5 1-0

[Event "Osteropen, Essen-Borbeck GER"]
[Site "?"]
[Date "2001.??.??"]
[Round "1"]
[White "Ball, J."]
[Black "Rizouk, A."]
[Result "0-1"]
[WhiteElo "2230"]
[BlackElo "2405"]
[PlyCount "72"]
[EventDate "2001.??.??"]
[Source "www.chesslib.no"]
[SourceDate "2004.05.04"]

1. e4 e5 2. f4 exf4 3. Nf3 g5 4. Bc4 g4 5. O-O gxf3 6. Qxf3 Qf6 7. Nc3 Ne7 8. d3 Bh6 9. e5 Qf5 10. d4 Nbc6 11. Ne2 d5 12. exd6 cxd6 13. Bxf4 Bxf4 14. Nxf4 Bd7 15. Qc3 Qa5 16. Bxf7+ Kxf7 17. Ng6+ Kxg6 18. Qg3+ Qg5 19. Qxd6+ Kg7 20. Qxd7 Rhd8 21. Qe6 Qg6 22. Qb3 Rxd4 23. Rf2 Rf8 24. Rxf8 Kxf8 25. Rf1+ Kg7 26. Qf3 Rd8 27. Qc3+ Kg8 28. Qb3+ Kh8 29. Qxb7 Qxc2 30. Qb5 Rd5 31. Qb7 Rd1 32. Qa8+ Ng8 33. Rxd1 Qxd1+ 34. Kf2 Qd2+ 35. Kg3 Qe3+ 36. Kh4 Ne5 0-1

[Event "Falkoner International Team"]
[Site "San Francisco"]
[Date "1999.03.13"]
[Round "2"]
[White "Yoos, John C"]
[Black "Shipman, Walter"]
[Result "1-0"]
[WhiteElo "2291"]
[BlackElo "2341"]
[PlyCount "53"]
[EventDate "1999.03.12"]
[Source "ChessBase"]
[SourceDate "1999.05.10"]

1. e4 e5 2. f4 exf4 3. Nf3 g5 4. Bc4 g4 5. O-O Qe7 6. d4 gxf3 7. Nc3 c6 8. Qxf3 b5 9. Bxb5 Ba6 10. Bxa6 Nxa6 11. Bxf4 O-O-O 12. e5 Nc7 13. Ne4 Qe6 14. Qd3 Kb7 15. c4 Nh6 16. Bg5 Be7 17. Rf6 Qg4 18. h3 Bxf6 19. hxg4 Bxg5 20. Nxg5 Rdg8 21. Ne4 Rxg4 22. Nf6 Rg6 23. Rf1 Rd8 24. d5 cxd5 25. cxd5 d6 26. Qb3+ Kc8 27. Qc4 1-0

[Event "Bled Open"]
[Site "Bled SLO"]
[Date "1993.??.??"]
[Round "?"]
[White "Babic, Momcilo"]
[Black "Crepan, Marjan"]
[Result "1-0"]
[WhiteElo "2310"]
[BlackElo "2310"]
[PlyCount "65"]
[EventDate "1993.03.??"]
[Source "www.chesslib.no"]
[SourceDate "2004.05.04"]

1. e4 e5 2. f4 exf4 3. Nf3 g5 4. Bc4 g4 5. O-O gxf3 6. Qxf3 Qe7 7. d4 Nc6 8. Bxf4 Nxd4 9. Qd3 Ne6 10. Nc3 c6 11. e5 b5 12. Bb3 a5 13. Ne4 Qh4 14. Bxe6 fxe6 15. Bg5 Bc5+ 16. Kh1 Qxe4 17. Qxe4 Ne7 18. Bf6 Rf8 19. Qxh7 Nf5 20. Qh5+ Rf7 21. g4 d5 22. gxf5 exf5 23. Rae1 Be6 24. Rxf5 Kd7 25. Rg5 d4 26. h4 Re8 27. Rg7 Rxg7 28. Bxg7 a4 29. Qh7 Kc8 30. Rd1 Bd5+ 31. Kh2 d3 32. Qxd3 Kb7 33. Qh7 1-0

[Event "corr M.027"]
[Site "IECG"]
[Date "1997.??.??"]
[Round "?"]
[White "Braakhuis, Wilfried"]
[Black "Alvarez Villar, Horacio Nelson"]
[Result "1-0"]
[WhiteElo "2366"]
[BlackElo "2244"]
[PlyCount "93"]
[EventDate "1997.06.07"]
[Source "www.chesslib.no"]
[SourceDate "2004.05.04"]

1. e4 e5 2. f4 exf4 3. Nf3 g5 4. Bc4 g4 5. O-O gxf3 6. Qxf3 Qf6 7. e5 Qxe5 8. d3 Bh6 9. Nc3 Ne7 10. Bd2 Nbc6 11. Rae1 Qf5 12. Nd5 Kd8 13. Qe2 Nxd5 14. Bxd5 Bg5 15. Bxc6 dxc6 16. Rxf4 Qc5+ 17. Be3 Qe7 18. Rd4+ Bd7 19. Bxg5 Qxg5 20. h4 Qf5 21. Qe7+ Kc8 22. Re5 Qe6 23. Rxe6 Bxe6 24. Qc5 Bd5 25. Rxd5 cxd5 26. Qxd5 a5 27. Qxf7 b6 28. Qd5 Kb8 29. g4 Ka7 30. Qc6 Rac8 31. g5 Kb8 32. Kg2 Rce8 33. Kg3 Re3+ 34. Kf4 Rhe8 35. h5 R3e6 36. Qd7 R6e7 37. Qd4 Re2 38. c4 Rf8+ 39. Kg3 Rg8 40. Kh3 Rge8 41. a3 R8e5 42. Kg4 Kb7 43. Kf4 Re8 44. g6 hxg6 45. hxg6 Rf8+ 46. Kg3 Re7 47. g7 1-0

[Event "Chile-ch "]
[Site "Santiago"]
[Date "2002.02.13"]
[Round "2"]
[White "Egger, Jorge"]
[Black "Cuevas, Walter"]
[Result "1-0"]
[WhiteElo "2435"]
[BlackElo "2170"]
[PlyCount "33"]
[EventDate "2002.02.12"]
[Source "ChessBase"]
[SourceDate "2002.03.14"]

1. e4 e5 2. f4 exf4 3. Nf3 g5 4. Bc4 g4 5. O-O gxf3 6. Qxf3 Qf6 7. e5 Qxe5 8. Bxf7+ Kxf7 9. d4 Qxd4+ 10. Be3 Qf6 11. Bxf4 Bc5+ 12. Kh1 d6 13. Nc3 Nd7 14. Ne4 Qf5 15. g4 Qg6 16. Bxd6+ Ngf6 17. Bxc5 1-0

[Event "Vancouver"]
[Site "?"]
[Date "2003.04.26"]
[Round "2.3"]
[White "Yoos Jack"]
[Black "Meng Fanhao"]
[Result "1/2-1/2"]
[WhiteElo "2360"]
[BlackElo "2245"]
[PlyCount "55"]
[EventDate "2003.??.??"]
[Source "www.chesslib.no"]
[SourceDate "2004.05.04"]

1. e4 e5 2. f4 exf4 3. Nf3 g5 4. Bc4 Nc6 5. d4 Bg7 6. h4 h6 7. c3 d6 8. O-O Bg4 9. Qd3 Bf6 10. Nbd2 Nge7 11. b4 Ng6 12. Bb3 Kf8 13. b5 Nce7 14. Nh2 Qd7 15. Nxg4 Qxg4 16. Qc4 d5 17. exd5 Nxh4 18. Rf2 Nef5 19. d6 Nxd6 20. Ba3 Qd7 21. Bxd6+ cxd6 22. Ne4 Kg7 23. Nxd6 Rhf8 24. Ne4 Nf5 25. Qd3 b6 26. Bc2 Rfe8 27. Qh3 Qxb5 28. Rb1 1/2-1/2

[Event "IRL Ch"]
[Site "Ireland"]
[Date "1991.??.??"]
[Round "?"]
[White "Brady, Stephen"]
[Black "Heidenfeld, Mark"]
[Result "0-1"]
[WhiteElo "2320"]
[BlackElo "2280"]
[PlyCount "32"]
[EventDate "1991.??.??"]
[Source "www.chesslib.no"]
[SourceDate "2004.05.04"]

1. e4 e5 2. f4 exf4 3. Nf3 g5 4. Bc4 g4 5. O-O gxf3 6. Qxf3 Qf6 7. e5 Qxe5 8. Bxf7+ Kxf7 9. d4 Qf5 10. g4 Qe6 11. d5 Bc5+ 12. Kg2 Qg6 13. Bxf4 Nf6 14. Be5 d6 15. Bxf6 Bxg4 16. Qf4 Bf3+ 0-1

[Event "TGT"]
[Site "?"]
[Date "1998.??.??"]
[Round "?"]
[White "Stock, Thomas"]
[Black "Yoos, Jack"]
[Result "1/2-1/2"]
[WhiteElo "2250"]
[BlackElo "2345"]
[PlyCount "43"]
[EventDate "1998.??.??"]
[Source "www.chesslib.no"]
[SourceDate "2004.05.04"]

1. e4 e5 2. f4 exf4 3. Nf3 g5 4. Bc4 g4 5. O-O gxf3 6. Qxf3 Qf6 7. d3 Bh6 8. Nc3 Ne7 9. Bxf4 Bxf4 10. Qxf4 Qxf4 11. Rxf4 Nbc6 12. Raf1 d6 13. Nb5 Kd8 14. Rxf7 Ne5 15. Rf8+ Rxf8 16. Rxf8+ Kd7 17. Be6+ Kc6 18. Bxc8 Nxc8 19. Nd4+ Kd7 20. Rh8 h5 21. Rxh5 Ne7 22. Rh7 1/2-1/2

[Event "TGT"]
[Site "?"]
[Date "1998.??.??"]
[Round "?"]
[White "Yoos, Jack"]
[Black "Stock, Thomas"]
[Result "0-1"]
[WhiteElo "2345"]
[BlackElo "2250"]
[PlyCount "26"]
[EventDate "1998.??.??"]
[Source "www.chesslib.no"]
[SourceDate "2004.05.04"]

1. e4 e5 2. f4 exf4 3. Nf3 g5 4. Bc4 g4 5. O-O d5 6. exd5 gxf3 7. Qxf3 Bd6 8. d3 Ne7 9. Bxf4 Bxf4 10. Qxf4 O-O 11. Nc3 Ng6 12. Qe3 Nd7 13. Ne4 f5 0-1

[Event "Corr"]
[Site "?"]
[Date "2002.03.19"]
[Round "?"]
[White "Nagley Tim"]
[Black "Derouineau Jacques"]
[Result "1-0"]
[WhiteElo "2203"]
[BlackElo "2384"]
[PlyCount "85"]
[EventDate "2002.??.??"]
[Source "www.chesslib.no"]
[SourceDate "2004.05.04"]

1. e4 e5 2. f4 exf4 3. Nf3 g5 4. Bc4 g4 5. O-O gxf3 6. Qxf3 Qf6 7. d3 Bh6 8. Nc3 Ne7 9. Bxf4 Bxf4 10. Qxf4 Qxf4 11. Rxf4 f5 12. exf5 c6 13. Re1 Kd8 14. Bf7 d5 15. f6 Ng6 16. Bxg6 hxg6 17. f7 Nd7 18. h4 Rb8 19. Ne2 Nf8 20. Nd4 Bd7 21. Nf3 Rc8 22. c3 c5 23. d4 Rc6 24. dxc5 Re6 25. Rxe6 Nxe6 26. Rb4 Nxc5 27. Ne5 Ke7 28. Nxg6+ Kxf7 29. Nxh8+ Kg7 30. Rd4 Be6 31. Kf2 Kxh8 32. Ke3 Kg7 33. Kf4 Kf6 34. h5 Bf7 35. Kg4 Ne4 36. Kh4 Be6 37. g4 a6 38. c4 Ke5 39. h6 Nd6 40. h7 Nf7 41. cxd5 Bxd5 42. Rxd5+ Kxd5 43. Kh5 1-0

[Event "WYb18"]
[Site "Kemer TUR"]
[Date "2007.11.22"]
[Round "6"]
[White "Farkas, Ga1"]
[Black "Kociscak, J."]
[Result "0-1"]
[WhiteElo "2333"]
[BlackElo "2223"]
[PlyCount "32"]
[EventDate "2007.11.18"]
[Source "www.chesslib.no"]
[SourceDate "2004.05.04"]

1. e4 e5 2. f4 exf4 3. Nf3 g5 4. Bc4 d6 5. d4 Bg7 6. c3 Nc6 7. g3 g4 8. Nh4 f3 9. O-O Nf6 10. Nxf3 gxf3 11. Qxf3 Qe7 12. Nd2 Bd7 13. e5 dxe5 14. Ne4 O-O-O 15. Nxf6 Qxf6 16. Qe2 Qd6 0-1

[Event "It"]
[Site "?"]
[Date "2004.12.14"]
[Round "7"]
[White "Marjanusic Vladimir"]
[Black "Arbutina Sinisa"]
[Result "1-0"]
[WhiteElo "2273"]
[BlackElo "2259"]
[PlyCount "51"]
[EventDate "2004.??.??"]
[Source "www.chesslib.no"]
[SourceDate "2004.05.04"]

1. e4 e5 2. f4 exf4 3. Nf3 g5 4. Bc4 d6 5. h4 Bg4 6. c3 Nd7 7. d4 Qe7 8. O-O Nb6 9. Bb5+ c6 10. Bd3 h6 11. a4 Bg7 12. Nbd2 Nf6 13. a5 Nc8 14. b3 O-O 15. hxg5 hxg5 16. Ba3 Qd8 17. Qe1 Nh7 18. e5 Re8 19. Bxh7+ Kxh7 20. Ne4 Bxf3 21. Rxf3 f5 22. exf6 Kg8 23. fxg7 Kxg7 24. Qb1 d5 25. Nf2 Ne7 26. Bxe7 1-0

[Event "New York Open"]
[Site "New York, NY USA"]
[Date "1992.??.??"]
[Round "?"]
[White "Cooke, Eric"]
[Black "Shipman, Walter"]
[Result "1-0"]
[WhiteElo "2205"]
[BlackElo "2305"]
[PlyCount "69"]
[EventDate "1992.04.??"]
[Source "www.chesslib.no"]
[SourceDate "2004.05.04"]

1. e4 e5 2. f4 exf4 3. Nf3 g5 4. Bc4 g4 5. O-O Qe7 6. d4 gxf3 7. Qxf3 Nc6 8. c3 Ne5 9. dxe5 Qc5+ 10. Kh1 Qxc4 11. Bxf4 Qe6 12. Nd2 b6 13. Nb3 Ba6 14. Nd4 Qg6 15. e6 O-O-O 16. exf7 Bxf1 17. Rxf1 Ne7 18. e5 Kb8 19. e6 d6 20. a4 Bg7 21. Qe3 Bxd4 22. cxd4 Qf5 23. Qe1 Rhf8 24. Bxd6 Qxf1+ 25. Qxf1 Rxd6 26. Qf6 Ng6 27. g3 c5 28. d5 Rxd5 29. e7 Nxe7 30. Qxe7 Rdd8 31. g4 c4 32. g5 a5 33. h4 b5 34. axb5 Rd1+ 35. Kg2 1-0

[Event "CRO-chT2"]
[Site "Tucepi"]
[Date "1996.??.??"]
[Round "?"]
[White "Mrkonjic, Nenad"]
[Black "Bubicic, Josip"]
[Result "1-0"]
[WhiteElo "2255"]
[BlackElo "2230"]
[PlyCount "93"]
[EventDate "1996.??.??"]
[Source "www.chesslib.no"]
[SourceDate "2004.05.04"]

1. e4 e5 2. f4 exf4 3. Nf3 g5 4. Bc4 g4 5. Ne5 Qh4+ 6. Kf1 Nc6 7. Bxf7+ Ke7 8. Nxc6+ dxc6 9. Bc4 f3 10. d4 Nf6 11. Nc3 Nh5 12. Kg1 f2+ 13. Kf1 Ng3+ 14. hxg3 Qxh1+ 15. Kxf2 Qxd1 16. Bg5+ Ke8 17. Rxd1 Bg7 18. Bf4 Rf8 19. Ke3 b5 20. Be2 Rf7 21. Rh1 Be6 22. d5 cxd5 23. exd5 Bf5 24. Nxb5 Kd8 25. Bg5+ Kd7 26. Bf4 Re8+ 27. Kd2 Rfe7 28. Bc4 Be5 29. Bxe5 Rxe5 30. Nd4 Rh8 31. Rh5 Rf8 32. Bd3 Bxd3 33. Rxe5 Bg6 34. c4 Rf1 35. Re1 Rf2+ 36. Re2 Rf1 37. Nc6 Kd6 38. b4 Ra1 39. Re6+ Kd7 40. Ne5+ Kd8 41. Nxg6 Rxa2+ 42. Ke3 Rxg2 43. Ne5 Rxg3+ 44. Kf4 Rb3 45. Kxg4 Kc8 46. Re8+ Kb7 47. Nc6 1-0

[Event "Dagomys (Russia)"]
[Site "?"]
[Date "2004.04.??"]
[Round "1"]
[White "Zemtsov Igor"]
[Black "Aklanov Fedor"]
[Result "0-1"]
[WhiteElo "2290"]
[BlackElo "2172"]
[PlyCount "70"]
[EventDate "2004.??.??"]
[Source "www.chesslib.no"]
[SourceDate "2004.05.04"]

1. e4 e5 2. f4 exf4 3. Nf3 g5 4. Bc4 d6 5. h4 g4 6. Ng5 Nh6 7. d4 Bg7 8. Bxf4 Qf6 9. Be3 O-O 10. Nc3 c6 11. Qd2 Kh8 12. O-O-O Qe7 13. Rdf1 b5 14. Bd3 b4 15. Ne2 f6 16. Ng3 Ng8 17. Nf5 Bxf5 18. exf5 Nd7 19. Ne6 Rfe8 20. Nc7 Qxe3 21. Qxe3 Rxe3 22. Nxa8 Bh6 23. Kd1 Rg3 24. Nc7 Be3 25. d5 c5 26. Nb5 Ne7 27. Be4 Nc8 28. c3 a5 29. Kc2 c4 30. Re1 Nc5 31. Bf3 gxf3 32. Rxe3 Rxg2+ 33. Kd1 Nd3 34. Rxf3 Rxb2 35. Rxd3 cxd3 0-1

[Event "Esbjerg op"]
[Site "Esbjerg"]
[Date "1972.??.??"]
[Round "8"]
[White "Hvenekilde, Jorgen"]
[Black "Pedersen, Eigil"]
[Result "0-1"]
[WhiteElo "2260"]
[BlackElo "2200"]
[PlyCount "28"]
[EventDate "1972.??.??"]
[Source "ChessBase"]

1. e4 e5 2. f4 exf4 3. Nf3 g5 4. Bc4 d5 5. Bxd5 Nf6 6. Bxf7+ Kxf7 7. Nxg5+ Kg6 8. Nf3 Nxe4 9. d3 Bb4+ 10. c3 Re8 11. dxe4 Rxe4+ 12. Kf2 Bc5+ 13. Nd4 Nc6 14. Nd2 Rxd4 0-1

[Event "Corr"]
[Site "?"]
[Date "2002.03.19"]
[Round "?"]
[White "Marcotulli Giancarlo"]
[Black "Nagley Tim"]
[Result "0-1"]
[WhiteElo "2302"]
[BlackElo "2150"]
[PlyCount "66"]
[EventDate "2002.??.??"]
[Source "www.chesslib.no"]
[SourceDate "2004.05.04"]

1. e4 e5 2. f4 exf4 3. Nf3 g5 4. Bc4 g4 5. O-O gxf3 6. Qxf3 Qf6 7. d3 Bh6 8. Nc3 Ne7 9. Bxf4 Bxf4 10. Qxf4 Qxf4 11. Rxf4 f5 12. exf5 c6 13. Re1 Kd8 14. Bf7 d5 15. g4 Na6 16. f6 Ng6 17. Bxg6 hxg6 18. g5 Bd7 19. Ne2 Nc7 20. f7 Ne6 21. Rf6 Kc7 22. Rxg6 Raf8 23. Ng3 Nf4 24. Rg7 Be6 25. g6 Kd7 26. Rf1 Rh4 27. Kh1 Rg4 28. Rxf4 Rxf4 29. Rh7 Rg4 30. Rh6 Bxf7 31. gxf7 Rxf7 32. Kg1 Rg8 33. Rh3 Re8 0-1

[Event "ULIM Cup, Kishnev MDA"]
[Site "?"]
[Date "2001.??.??"]
[Round "1"]
[White "Zajarnyi, A."]
[Black "Geru, V."]
[Result "1-0"]
[WhiteElo "2335"]
[BlackElo "2110"]
[PlyCount "49"]
[EventDate "2001.??.??"]
[Source "www.chesslib.no"]
[SourceDate "2004.05.04"]

1. e4 e5 2. f4 exf4 3. Nf3 g5 4. Bc4 g4 5. O-O gxf3 6. Qxf3 Qf6 7. e5 Qxe5 8. Bxf7+ Kxf7 9. d4 Qxd4+ 10. Be3 Qf6 11. Bxf4 Ke8 12. Nc3 Bc5+ 13. Kh1 d6 14. Nd5 Qg7 15. Rae1+ Kd7 16. b4 Nc6 17. bxc5 Nge7 18. Nxc7 Kxc7 19. cxd6+ Kd8 20. dxe7+ Nxe7 21. Be5 Qg8 22. Bf6 Be6 23. Qxb7 Bd5 24. Bxe7+ Ke8 25. Bg5+ 1-0

[Event "Petrosjan mem-J"]
[Site "Moscow"]
[Date "1997.??.??"]
[Round "?"]
[White "Pirozhkov, Alexandr"]
[Black "Kurenkov, Nikolai"]
[Result "1-0"]
[WhiteElo "2245"]
[BlackElo "2195"]
[PlyCount "39"]
[EventDate "1997.??.??"]
[Source "www.chesslib.no"]
[SourceDate "2004.05.04"]

1. e4 e5 2. f4 exf4 3. Nf3 g5 4. Bc4 g4 5. O-O gxf3 6. Qxf3 Qe7 7. d4 Bh6 8. Nc3 c6 9. Bxf4 Qf6 10. Qe3 Qg6 11. Bxf7+ Qxf7 12. Bxh6 Nxh6 13. Rxf7 Nxf7 14. e5 Na6 15. Ne4 Rf8 16. Nd6+ Kd8 17. Rf1 b6 18. Nxf7+ Kc7 19. e6 Re8 20. Qe5+ 1-0

[Event "Ch (Men) Pleven BUL"]
[Site "?"]
[Date "2006.02.02"]
[Round "8"]
[White "Lilov Valeri"]
[Black "Filev Georgi"]
[Result "0-1"]
[WhiteElo "2219"]
[BlackElo "2206"]
[PlyCount "50"]
[EventDate "2006.??.??"]
[Source "www.chesslib.no"]
[SourceDate "2004.05.04"]

1. e4 e5 2. f4 exf4 3. Nf3 g5 4. Bc4 g4 5. O-O gxf3 6. Qxf3 Qf6 7. e5 Qxe5 8. Bxf7+ Kxf7 9. d4 Qf5 10. g4 Qg6 11. Bxf4 Nf6 12. Bg3 d6 13. Nc3 Be7 14. Rae1 Nc6 15. Nd5 Bd8 16. Bh4 Bxg4 17. Qg3 Bf5 18. Rxf5 Qxf5 19. Nxf6 Bxf6 20. Rf1 Nxd4 21. Rxf5 Ne2+ 22. Kg2 Nxg3 23. hxg3 Rhf8 24. Rxf6+ Kg7 25. Re6 Rae8 0-1

[Event "Grenoble masters"]
[Site "Grenoble"]
[Date "2002.06.25"]
[Round "4"]
[White "Stoppa, Omar"]
[Black "Deleva, Mickael"]
[Result "1-0"]
[WhiteElo "2224"]
[BlackElo "2186"]
[PlyCount "109"]
[EventDate "2002.06.22"]
[Source "ChessBase"]
[SourceDate "2002.07.08"]

1. e4 e5 2. f4 exf4 3. Nf3 g5 4. Bc4 g4 5. O-O gxf3 6. Qxf3 Qf6 7. c3 Nc6 8. Bb3 Ne5 9. Qe2 Bh6 10. d4 Ng6 11. Na3 d6 12. Nb5 Kd8 13. e5 dxe5 14. dxe5 Qb6+ 15. Kh1 Be6 16. h4 N8e7 17. Nd4 c5 18. Nxe6+ fxe6 19. Rd1+ Ke8 20. Rd6 Nf5 21. Qc4 Nxd6 22. Qxe6+ Kd8 23. exd6 Qc6 24. Bd5 Qe8 25. Qf6+ Kc8 26. Bxf4 Nxf4 27. d7+ Qxd7 28. Qxh8+ Qd8 29. Bxb7+ Kxb7 30. Qxh7+ Qc7 31. Qxh6 Rg8 32. Rf1 Ne2 33. Qe6 Ng3+ 34. Kg1 Nxf1 35. Qxg8 Ne3 36. Qg5 Nc2 37. Qd5+ Kc8 38. Qf5+ Kb8 39. Qxc2 Qg3 40. Qf2 Qd6 41. g3 Qd1+ 42. Kh2 Qd5 43. b3 Kc8 44. Qe2 Qf5 45. Qa6+ Kd8 46. Qd6+ Kc8 47. Qc6+ Kb8 48. Qe8+ Kb7 49. Qe2 Kc8 50. b4 cxb4 51. cxb4 Qf8 52. Qc4+ Kd7 53. Qd4+ Ke6 54. Qc4+ Kd7 55. Qd5+ 1-0

[Event "It \"]
[Site "Ilyichevsk (Ukraine)"]
[Date "2007.07.27"]
[Round "7"]
[White "Mitsyk Y"]
[Black "Petrushin Alexander I (RUS)"]
[Result "0-1"]
[WhiteElo "1916"]
[BlackElo "2474"]
[PlyCount "34"]
[EventDate "2007.??.??"]
[Source "www.chesslib.no"]
[SourceDate "2004.05.04"]

1. e4 e5 2. f4 exf4 3. Nf3 g5 4. Bc4 d6 5. O-O Bg7 6. d4 Be6 7. Bxe6 fxe6 8. c3 h6 9. g3 e5 10. gxf4 gxf4 11. Nxe5 dxe5 12. Qh5+ Kf8 13. Bxf4 exf4 14. Rxf4+ Nf6 15. e5 Qd5 16. c4 Qxd4+ 17. Rf2 Qxf2+ 0-1

[Event "Pologne (championnat clubs ligue 2)"]
[Site "?"]
[Date "2004.09.05"]
[Round "2.91"]
[White "Stachowiak Kamil"]
[Black "Szyszko Bohusz Andrzej"]
[Result "1-0"]
[WhiteElo "2296"]
[BlackElo "2080"]
[PlyCount "61"]
[EventDate "2004.??.??"]
[Source "www.chesslib.no"]
[SourceDate "2004.05.04"]

1. e4 e5 2. f4 exf4 3. Nf3 g5 4. Bc4 g4 5. Ne5 Qh4+ 6. Kf1 Nh6 7. d4 d6 8. Nd3 f3 9. Bf4 fxg2+ 10. Kxg2 Nc6 11. Bg3 Qf6 12. c3 Bd7 13. Rf1 Qg7 14. b4 Be7 15. Nf4 O-O-O 16. Qa4 Kb8 17. b5 Nxd4 18. Bf2 Bxb5 19. Bxb5 Nxb5 20. Qxb5 Bg5 21. Bd4 f6 22. Ne6 Qg6 23. Nxg5 fxg5 24. Nd2 Rhf8 25. Qd3 Rf7 26. Rxf7 Qxf7 27. Qe3 c5 28. Qxg5 Qd7 29. Qxh6 cxd4 30. cxd4 a6 31. Rf1 1-0